Sociedad, amor y poesía en la Gracia antigua
Saved in:
| Hovedforfatter: | |
|---|---|
| Format: | Bog |
| Sprog: | spansk |
| Udgivet: |
Madrid
Alianza
1995
|
| Serier: | Alianza Universidad, 826
|
| Fag: | |
| Tags: |
Tilføj Tag
Ingen Tags, Vær først til at tagge denne postø!
|
MARC
| LEADER | 00000nam a2200000 a 4500 | ||
|---|---|---|---|
| 001 | UCU4859 | ||
| 003 | CL-VaPUC | ||
| 008 | 960531e19950000SP |||||||||||||||||spa|d | ||
| 082 | 0 | 4 | |a 881.09 |b ROD |2 21 |
| 100 | 0 | |a Rodríguez Adrados, Francisco |e author |9 362552 | |
| 245 | 1 | 0 | |a Sociedad, amor y poesía en la Gracia antigua |
| 300 | |a 328 p | ||
| 942 | |c BK | ||
| 945 | |d 19960531 00:00:00 |a rbrito | ||
| 260 | |a Madrid |b Alianza |c 1995 | ||
| 650 | 7 | |a POESIA GRIEGA |2 CL-VaPUC |9 265054 | |
| 650 | 0 | |a Historia y crítica |9 257407 | |
| 650 | 0 | |a Civilizaciones antiguas |9 265998 | |
| 650 | 0 | |a Amor |9 257817 | |
| 650 | 7 | |a EROTISMO |2 CL-VaPUC |9 313188 | |
| 650 | 7 | |a CELOS |2 CL-VaPUC |9 335132 | |
| 650 | 0 | |a Emociones |9 265224 | |
| 583 | |a last modification |c 19960531 00:00:00 |k Rodrigo Vera | ||
| 490 | 0 | |a Alianza Universidad, 826 | |
| 999 | |c 248389 |d 248387 | ||
| 952 | |0 0 |1 0 |4 0 |6 881_090000000000000_ROD_1995 |7 0 |8 A |9 264987 |a BIBHIS |b BIBHIS |d 2019-11-19 |i 3204839 |l 1 |o 881.09 ROD 1995 |p 3204839 |r 2025-01-20 |s 2023-05-10 |w 2019-11-19 |y BK |k HIS | ||